Квиз о Гамбији - Statistics

General Stats
  • This quiz has been taken 43 times
  • The average score is 6 of 13
Answer Stats
Опис Одговор % Correct
Једина држава са којом се граничи Сенегал
91%
Религија којој припада 95% популације Ислам
82%
Званичан језик Енглески
79%
Држава чији је Гамбија била део 1821–1965 Уједињено Краљевство
68%
Гамбија је најмања држава у копненом делу Африке. Која је друга најмања? Есватини
56%
Главни град Банџул
53%
Гамбија се налази на обалама ове реке Гамбија
41%
Афричко царство чији је Гамбија била део 1230–1670 Мали
38%
Држава у којој ова река извире Гвинеја
32%
Део обале Гамбије прекрива ова врста шуме (специфична по томе што може да расте у сланој води) Мангрове
26%
Овај афрички сисар који се смеје, је национална животиња Гамбије Пегава хијена
21%
Именуј једну од три највеће етничке групе у Гамбији Мандинке | Фулани | Волоф
12%
Дугогодишњи диктатор, владао 1996-2017 Јаија Џаме
3%
No matching quizzes found
Score Distribution
Percent of People with Each Score
Percentile by Number Answered
Your Score History
You have not taken this quiz